Špecifiká podnikania v cestovnom ruchu

Osem charakteristických čŕt marketingového manažmentu cestovného ruchu. Odporúčaný prístup k marketingovému manažmentu v podnikoch cestovného ruchu. Marketingový manažment malých podnikov cestovného ruchu na Slovensku.

Gespeichert in:
Bibliographische Detailangaben
1. Verfasser: Mura, Ladislav
Weitere Verfasser: Baják, Imre
Format: Buchkapitel
Sprache:Slowakisch
Schlagworte:
Tags: Tag hinzufügen
Keine Tags, Fügen Sie das erste Tag hinzu!

MARC

LEADER 00000naa a2200000 4500
001 0144352
005 20231127134023.9
041 0 |a slo 
044 |a SK 
245 1 0 |a Špecifiká podnikania v cestovnom ruchu  |c Ladislav Mura, Imre Baják 
520 |a Osem charakteristických čŕt marketingového manažmentu cestovného ruchu. Odporúčaný prístup k marketingovému manažmentu v podnikoch cestovného ruchu. Marketingový manažment malých podnikov cestovného ruchu na Slovensku. 
610 2 0 |a ruch cestovný 
610 2 0 |a manažment 
610 2 0 |a marketing manažment 
610 2 0 |a služby 
610 2 0 |a propagácia 
610 2 0 |a sprostredkovatelia 
610 2 0 |a kancelárie cestovné 
610 2 0 |a podnik malý 
610 2 0 |a Slovensko 
100 1 |a Mura, Ladislav 
700 1 |a Baják, Imre